02498nam a22002417a 450000500170000000700150001700800410003202000220007303500100009504000090010510000260011424501370014025600240027726000290030130000280033050014610035850602700181965000300208965000390211970000190215874000380217785600410221520240305165637.0cr|||| |||| 220728s2022 es |||||s|||| 00||0 spa d a978-84-1122-172-6 a36483 avLex1 aRuano Espina, Lourdes10aIglesia y sociedad civilh[Recurso electrónico] :bLa contribución del derecho canónico /cLourdes Ruano Espina, Carmen Peña aServicio en línea aMadrid:bDykinson,c2022 a1 recurso electrónico aLas relaciones entre la Iglesia y la sociedad civil, así como diversas manifestaciones jurídico-canónicas de la vida y actuación eclesial constituyen el objeto de este volumen, en el que se recogen las 40 Jornadas de Actualidad Canónica de la Asociación Española de Canonistas. En el libro, en el que han participado destacados expertos en Derecho Canónico y Derecho Eclesiástico del Estado, académicos, investigadores, jueces eclesiásticos y operadores canónicos, se abordan cuestiones actuales que plantea la realidad social, jurídica y eclesial, como la responsabilidad penal y civil de las personas jurídicas y los titulares de oficios eclesiásticos, las novedades en la regulación de los casos de abusos de menores, el papel de los abogados en los procesos canónicos, los supuestos conflictivos de administración de sacramentos a personas LGTBI, el balance de los 40 años de vigencia de los Acuerdos Iglesia-Estado, o la experiencia del servicio de acompañamiento y mediación intrajudicial canónica en el tribunal eclesiástico. Se incluyen también estudios sobre las Novedades que han tenido lugar el último año en Derecho canónico y en Derecho eclesiástico del Estado, tanto en el ámbito normativo como jurisprudencial. Cierra el volumen una contribución del Sr. Obispo Secretario de la Conferencia Episcopal Española, D. Luis Argüello, sobre la Iglesia española en la sociedad civil.1 aDisponible solo en los productos indicadosdvLex GlobaldvLex Global (Academic Edition, excluding Law Schools)dvLex Global (U.S. Academic Edition, Law Schools)dvLex Global (U.S. Academic Edition, excluding Law Schools)dvLex Global (Academic Edition, Law Schools)04aDerecho MilitarzEspaña04aFilosofía y religiónzEspaña1 aPeña, Carmen0 avLex Libros (Servicio en línea)40uhttps://app.vlex.com/#/sources/36483